| 000 | 00877cab a2200265 4500 | ||
|---|---|---|---|
| 001 | ABS47471 | ||
| 008 | 090401t1992 xxu||||| |||| 00| 0 eng d | ||
| 035 | _a(Sirsi) u62126 | ||
| 041 | _aeng | ||
| 100 | _aRhind, D. | ||
| 245 | _aWar and peace: GIS data as a commodity | ||
| 260 | _c1992 | ||
| 350 | _a0 | ||
| 490 |
_aGIS World _vNovember 1992, 37-39(3) |
||
| 520 | _aFocuses on the commodity value of GIS data. Compares attitudes to the problem in the US and Europe. Stresses the role of Ordnance Survey in providing mapping services in the UK and its cooperation with the private sector. | ||
| 650 | _aCOMMODITY | ||
| 650 | _aDIGITAL MAPPING | ||
| 650 | _aGIS | ||
| 650 | _aMAPPING SERVICES | ||
| 650 | _aORDNANCE SURVEY | ||
| 650 | _aPAPER MAPPING | ||
| 690 | _aMANAGEMENT-BUSINESS MANAGEMENT-INFORMATION MANAGEMENT | ||
| 942 | _n0 | ||
| 948 | _c04/03/1997 | ||
| 999 |
_c38588 _d38588 |
||